[Event "Gibtelecom ChallWk2 7th"]
[Site "Gibraltar"]
[Date "2009.02.04"]
[Round "4.16"]
[White "Badillo Garcia, Aztlan"]
[Black "Obiamiwe, Paul"]
[Result "0-1"]
[WhiteElo "1383"]
[BlackElo "2035"]
[PlyCount "42"]
[EventDate "2009.02.01"]
[EventType "swiss"]
[EventRounds "5"]
[EventCountry "GGB"]
[SourceTitle "BritBase"]
[Source "www.saund.co.uk"]
[SourceDate "2018.02.10"]
[SourceVersion "1"]
[SourceVersionDate "2018.02.10"]
[SourceQuality "1"]

1. e4 c5 2. Bc4 d6 3. Nf3 e6 4. Nc3 a6 5. a4 Nc6 6. d3 h6 7. O-O Nf6 8. Re1 Qc7
9. h3 Be7 10. Be3 O-O 11. Qd2 Rd8 12. Bxh6 gxh6 13. Qxh6 Nh7 14. Ne2 Bf8 15.
Qh4 Qe7 16. Qg4+ Kh8 17. Nf4 e5 18. Nd5 Bxg4 19. Nxe7 Bxe7 20. Bxf7 Bxf3 21.
gxf3 Nd4 0-1

[Event "Gibtelecom ChallWk2 7th"]
[Site "Gibraltar"]
[Date "2009.02.04"]
[Round "4.17"]
[White "Reuben, Stewart"]
[Black "Whitfield, Craig M"]
[Result "0-1"]
[WhiteElo "2113"]
[BlackElo "1942"]
[PlyCount "96"]
[EventDate "2009.02.01"]
[EventType "swiss"]
[EventRounds "5"]
[EventCountry "GGB"]
[SourceTitle "BritBase"]
[Source "www.saund.co.uk"]
[SourceDate "2018.02.10"]
[SourceVersion "1"]
[SourceVersionDate "2018.02.10"]
[SourceQuality "1"]

1. c4 g6 2. g3 Bg7 3. Nc3 d6 4. Bg2 Nf6 5. e4 Nc6 6. Nge2 e5 7. O-O Bg4 8. f3
Be6 9. d3 Qd7 10. Nd5 O-O 11. Bg5 Bxd5 12. cxd5 Ne7 13. d4 c6 14. dxe5 dxe5 15.
Qa4 b5 16. dxc6 Qxc6 17. Qb3 Rfd8 18. Rac1 Qb7 19. Rc5 a6 20. Rxe5 h6 21. Be3
Nc6 22. Rc5 Nd7 23. Rd5 Nde5 24. Rfd1 Rxd5 25. exd5 Na5 26. Qb4 Nac4 27. Bd4
Re8 28. b3 Nb6 29. f4 Ng4 30. d6 Bxd4+ 31. Qxd4 Qd7 32. Bf3 Ne3 33. Rc1 Nbd5
34. Bxd5 Nxd5 35. Nc3 Nxc3 36. Rxc3 Qe6 37. Qd2 Rd8 38. Rc6 a5 39. Kf2 b4 40.
Ra6 Qf5 41. Qd4 Qc2+ 42. Kf3 Re8 43. Qc4 Qd1+ 44. Kg2 Re2+ 45. Kh3 Rc2 46. Qb5
h5 47. Qe8+ Kg7 48. Qd7 Kh6 0-1

[Event "Gibtelecom ChallWk2 7th"]
[Site "Gibraltar"]
[Date "2009.02.04"]
[Round "4.18"]
[White "Guerrero Beret, Jesus"]
[Black "Daoudi, Kamal"]
[Result "1-0"]
[WhiteElo "1964"]
[BlackElo "2209"]
[PlyCount "53"]
[EventDate "2009.02.01"]
[EventType "swiss"]
[EventRounds "5"]
[EventCountry "GGB"]
[SourceTitle "BritBase"]
[Source "www.saund.co.uk"]
[SourceDate "2018.02.10"]
[SourceVersion "1"]
[SourceVersionDate "2018.02.10"]
[SourceQuality "1"]

1. e4 e5 2. Nf3 Nc6 3. Bb5 a6 4. Ba4 Nf6 5. d3 b5 6. Bb3 Bc5 7. O-O d6 8. Be3
Bg4 9. Nbd2 O-O 10. c3 Bxe3 11. fxe3 d5 12. exd5 Nxd5 13. Qe1 Kh8 14. c4 Ndb4
15. cxb5 axb5 16. Qg3 Bxf3 17. Nxf3 Qxd3 18. Ng5 f6 19. Nf7+ Rxf7 20. Bxf7 Nc2
21. Rac1 Nxe3 22. Rfe1 Qd7 23. Qxe3 Nd4 24. Bb3 Qd6 25. Qe4 Re8 26. Qd5 Qb6 27.
Qc5 1-0

[Event "Gibtelecom ChallWk2 7th"]
[Site "Gibraltar"]
[Date "2009.02.04"]
[Round "4.19"]
[White "Dennis, Nigel W"]
[Black "Dimitrijevic, Dragan"]
[Result "0-1"]
[WhiteElo "1957"]
[BlackElo "2069"]
[PlyCount "84"]
[EventDate "2009.02.01"]
[EventType "swiss"]
[EventRounds "5"]
[EventCountry "GGB"]
[SourceTitle "BritBase"]
[Source "www.saund.co.uk"]
[SourceDate "2018.02.10"]
[SourceVersion "1"]
[SourceVersionDate "2018.02.10"]
[SourceQuality "1"]

1. e4 c5 2. Nf3 e6 3. d4 cxd4 4. Nxd4 Nf6 5. Nc3 d6 6. Be2 a6 7. O-O b5 8. Bf3
Ra7 9. Be3 Rc7 10. a3 Bb7 11. Nde2 Nbd7 12. Ng3 Qc8 13. Qe2 Ne5 14. Rad1 Nc4
15. Bc1 Nxa3 16. bxa3 Rxc3 17. Rd2 Nd7 18. Bb2 Rc7 19. Rfd1 Nb6 20. Nh5 Nc4 21.
Bxg7 Bxg7 22. Nxg7+ Kf8 23. Rd3 Kxg7 24. Bh5 Rf8 25. Rg3+ Kh8 26. Qg4 f6 27.
Qh4 Qd8 28. Rdd3 f5 29. Rg5 h6 30. Rdg3 hxg5 31. Rxg5 Rh7 32. exf5 exf5 33. Qg3
Qf6 34. h4 f4 35. Qd3 Rg7 36. Bg6 Ne5 37. Rh5+ Kg8 38. Bh7+ Kf7 39. Qb3+ Qe6
40. Rf5+ Ke7 41. Qxe6+ Kxe6 42. Rxf8 Rxh7 0-1

[Event "Gibtelecom ChallWk2 7th"]
[Site "Gibraltar"]
[Date "2009.02.04"]
[Round "4.20"]
[White "Nisbet, Alex"]
[Black "Pettersen, Joar Gullestad"]
[Result "0-1"]
[WhiteElo "1922"]
[BlackElo "2016"]
[PlyCount "60"]
[EventDate "2009.02.01"]
[EventType "swiss"]
[EventRounds "5"]
[EventCountry "GGB"]
[SourceTitle "BritBase"]
[Source "www.saund.co.uk"]
[SourceDate "2018.02.10"]
[SourceVersion "1"]
[SourceVersionDate "2018.02.10"]
[SourceQuality "1"]

1. d4 Nf6 2. Bf4 d5 3. e3 g6 4. Bd3 Bg7 5. c4 c6 6. Nc3 Nbd7 7. h3 O-O 8. Nf3
a6 9. c5 Re8 10. O-O Nh5 11. Bh2 e5 12. Nxe5 Nxe5 13. dxe5 Bxe5 14. Bxe5 Rxe5
15. Qf3 Qh4 16. Rfd1 Bd7 17. Bc2 Rae8 18. Rd4 Qe7 19. b4 Ng7 20. e4 Ne6 21. Rd2
Ng5 22. Qf4 Nxe4 23. Bxe4 dxe4 24. Rad1 Bc8 25. Qe3 Qh4 26. Na4 f5 27. Nb6 f4
28. Qd4 Bxh3 29. Qc4+ Be6 30. Qd4 Rh5 0-1

[Event "Gibtelecom ChallWk2 7th"]
[Site "Gibraltar"]
[Date "2009.02.04"]
[Round "4.21"]
[White "Flanagan, Samuel"]
[Black "Beltran Medina, Jorge"]
[Result "1/2-1/2"]
[WhiteElo "1650"]
[BlackElo "2006"]
[PlyCount "35"]
[EventDate "2009.02.01"]
[EventType "swiss"]
[EventRounds "5"]
[EventCountry "GGB"]
[SourceTitle "BritBase"]
[Source "www.saund.co.uk"]
[SourceDate "2018.02.10"]
[SourceVersion "1"]
[SourceVersionDate "2018.02.10"]
[SourceQuality "1"]

1. e4 e6 2. d4 d5 3. e5 c5 4. c3 Qb6 5. Nf3 Bd7 6. Be2 cxd4 7. cxd4 Bb5 8. O-O
Bxe2 9. Qxe2 Nc6 10. Be3 Nge7 11. Nc3 Nf5 12. Qb5 h5 13. h3 Be7 14. Qxb6 axb6
15. Rac1 Kd7 16. a3 h4 17. Rfe1 Rhc8 18. Re2 1/2-1/2

[Event "Gibtelecom ChallWk2 7th"]
[Site "Gibraltar"]
[Date "2009.02.04"]
[Round "4.22"]
[White "Gravett, Alan D"]
[Black "Salem, Ihab"]
[Result "0-1"]
[WhiteElo "1869"]
[BlackElo "2171"]
[PlyCount "67"]
[EventDate "2009.02.01"]
[EventType "swiss"]
[EventRounds "5"]
[EventCountry "GGB"]
[SourceTitle "BritBase"]
[Source "www.saund.co.uk"]
[SourceDate "2018.02.10"]
[SourceVersion "1"]
[SourceVersionDate "2018.02.10"]
[SourceQuality "1"]

1. g3 Nf6 2. Bg2 e5 3. Nf3 Nc6 4. d3 d5 5. O-O Be6 6. Nbd2 Qd7 7. c4 O-O-O 8.
Ng5 Bg4 9. cxd5 Nd4 10. Ndf3 Re8 11. Nxd4 exd4 12. Qb3 Bd6 13. e4 h6 14. Nf3
Bh3 15. Re1 h5 16. e5 Bxg2 17. Kxg2 h4 18. Bf4 Nh5 19. e6 Nxf4+ 20. gxf4 fxe6
21. dxe6 Qe7 22. Qd5 Bxf4 23. Qxd4 h3+ 24. Kh1 Rhf8 25. b4 Kb8 26. Qd7 Qf6 27.
Nd4 Rd8 28. Nc6+ bxc6 29. Qxc6 Rd6 30. Qb5+ Rb6 31. Qd7 Bd2 32. Qd5 Bxe1 33.
Rxe1 Qxf2 34. e7 0-1

[Event "Gibtelecom ChallWk2 7th"]
[Site "Gibraltar"]
[Date "2009.02.05"]
[Round "5.1"]
[White "Getz, Nicolai"]
[Black "Kvisla, Johannes Luangtep"]
[Result "1/2-1/2"]
[WhiteElo "2190"]
[BlackElo "2208"]
[PlyCount "52"]
[EventDate "2009.02.01"]
[EventType "swiss"]
[EventRounds "5"]
[EventCountry "GGB"]
[SourceTitle "BritBase"]
[Source "www.saund.co.uk"]
[SourceDate "2018.02.10"]
[SourceVersion "1"]
[SourceVersionDate "2018.02.10"]
[SourceQuality "1"]

1. e4 e5 2. Nf3 Nc6 3. Bc4 Nf6 4. d3 Be7 5. O-O O-O 6. Re1 d6 7. c3 Na5 8. Bb5
a6 9. Ba4 b5 10. Bc2 c5 11. Nbd2 Nd7 12. Nf1 Bf6 13. Ne3 Nb6 14. h3 g6 15. d4
cxd4 16. cxd4 Nc6 17. dxe5 Nxe5 18. Nxe5 Bxe5 19. Bb3 Bd7 20. Nd5 Nxd5 21. Bxd5
Rc8 22. Bh6 Re8 23. Qd2 Bc6 24. Rac1 Bxd5 25. Rxc8 Qxc8 26. exd5 Qd7 1/2-1/2

[Event "Gibtelecom ChallWk2 7th"]
[Site "Gibraltar"]
[Date "2009.02.05"]
[Round "5.2"]
[White "Kozlov, Oleg"]
[Black "Haugstad, Espen"]
[Result "1-0"]
[WhiteElo "2187"]
[BlackElo "2114"]
[PlyCount "53"]
[EventDate "2009.02.01"]
[EventType "swiss"]
[EventRounds "5"]
[EventCountry "GGB"]
[SourceTitle "BritBase"]
[Source "www.saund.co.uk"]
[SourceDate "2018.02.10"]
[SourceVersion "1"]
[SourceVersionDate "2018.02.10"]
[SourceQuality "1"]

1. d4 d5 2. Nf3 c6 3. c4 e6 4. Qc2 Nf6 5. g3 Nbd7 6. Bg2 Bd6 7. O-O O-O 8. Rd1
Qc7 9. Nc3 dxc4 10. e4 e5 11. h3 Rd8 12. Be3 b5 13. b3 cxb3 14. axb3 Bb7 15.
dxe5 Nxe5 16. Nd4 b4 17. Na4 c5 18. Nb5 Qc6 19. Nxd6 Rxd6 20. Rxd6 Qxd6 21.
Nxc5 Qc6 22. Qd2 Re8 23. f4 Ng6 24. Nxb7 Qxb7 25. e5 Ne4 26. Qd4 f5 27. Qc4+
1-0

[Event "Gibtelecom ChallWk2 7th"]
[Site "Gibraltar"]
[Date "2009.02.05"]
[Round "5.3"]
[White "Bates, Caspar J"]
[Black "Madland, Kristoffer"]
[Result "1-0"]
[WhiteElo "2142"]
[BlackElo "1992"]
[PlyCount "85"]
[EventDate "2009.02.01"]
[EventType "swiss"]
[EventRounds "5"]
[EventCountry "GGB"]
[SourceTitle "BritBase"]
[Source "www.saund.co.uk"]
[SourceDate "2018.02.10"]
[SourceVersion "1"]
[SourceVersionDate "2018.02.10"]
[SourceQuality "1"]

1. e4 c5 2. Nf3 d6 3. d4 cxd4 4. Nxd4 Nf6 5. Nc3 g6 6. Bg5 Bg7 7. Be2 O-O 8.
Nb3 Nc6 9. h4 h5 10. Qd2 Be6 11. O-O-O Bxb3 12. cxb3 Qa5 13. Kb1 Rfc8 14. Bxf6
exf6 15. Qxd6 f5 16. Qd5 Bxc3 17. bxc3 fxe4 18. Bc4 Rc7 19. Qxe4 Kg7 20. Qc2
Re8 21. Rd5 Qa3 22. Rhd1 a5 23. g3 a4 24. Qb2 Qe7 25. Bf1 axb3 26. Qxb3 Ra8 27.
R5d2 Ra3 28. Qb2 Ne5 29. Qb4 Raxc3 30. Qxe7 Rxe7 31. Rc2 Rxc2 32. Kxc2 Ng4 33.
Rd2 Kf6 34. a4 Rc7+ 35. Kb3 Ke7 36. Kb4 Ne5 37. Bg2 Nd7 38. a5 Rc1 39. Rb2 Rc7
40. Be4 Kd8 41. Rd2 Ke7 42. Rc2 Kd6 43. Kb5 1-0

[Event "Gibtelecom ChallWk2 7th"]
[Site "Gibraltar"]
[Date "2009.02.05"]
[Round "5.4"]
[White "Suez-Panama, Gilles"]
[Black "Pali, Gabor"]
[Result "1/2-1/2"]
[WhiteElo "2032"]
[BlackElo "2048"]
[PlyCount "85"]
[EventDate "2009.02.01"]
[EventType "swiss"]
[EventRounds "5"]
[EventCountry "GGB"]
[SourceTitle "BritBase"]
[Source "www.saund.co.uk"]
[SourceDate "2018.02.10"]
[SourceVersion "1"]
[SourceVersionDate "2018.02.10"]
[SourceQuality "1"]

1. d4 Nf6 2. Nf3 e6 3. c4 b6 4. a3 Ba6 5. Qc2 Bb7 6. Nc3 c5 7. e4 cxd4 8. Nxd4
d6 9. Be2 Nbd7 10. O-O Rc8 11. Bg5 Be7 12. Rad1 a6 13. a4 O-O 14. f4 d5 15.
exd5 exd5 16. cxd5 Nxd5 17. Bxe7 Qxe7 18. Nxd5 Bxd5 19. Nf5 Qe6 20. Qd2 Qxf5
21. Qxd5 Qxd5 22. Rxd5 Rc2 23. Bxa6 Nc5 24. Bb5 Rxb2 25. Rd6 Rb8 26. Re1 h6 27.
f5 Rb4 28. Red1 Nxa4 29. Rd8+ Rxd8 30. Rxd8+ Kh7 31. Be8 Rf4 32. g3 Rxf5 33.
Bxa4 Rf6 34. Rd7 g5 35. h3 Kg7 36. Kg2 Kg6 37. Bc2+ Kg7 38. Bb3 Kf8 39. Rb7 Kg7
40. Bc4 Kg6 41. Bd3+ Kg7 42. Bc4 Kg6 43. Bd3+ 1/2-1/2

[Event "Gibtelecom ChallWk2 7th"]
[Site "Gibraltar"]
[Date "2009.02.05"]
[Round "5.5"]
[White "Dasaolu, Adeoye"]
[Black "Perez Aleman, Pedro Tomas"]
[Result "1/2-1/2"]
[WhiteElo "2024"]
[BlackElo "2160"]
[PlyCount "223"]
[EventDate "2009.02.01"]
[EventType "swiss"]
[EventRounds "5"]
[EventCountry "GGB"]
[SourceTitle "BritBase"]
[Source "www.saund.co.uk"]
[SourceDate "2018.02.10"]
[SourceVersion "1"]
[SourceVersionDate "2018.02.10"]
[SourceQuality "1"]

1. Nf3 c5 2. c4 Nc6 3. Nc3 g6 4. g3 Bg7 5. Bg2 Nf6 6. O-O O-O 7. d4 cxd4 8.
Nxd4 Qb6 9. Nc2 d6 10. h3 Be6 11. Nd5 Bxd5 12. cxd5 Ne5 13. Rb1 Rfc8 14. Na3
Qa6 15. Re1 b5 16. Qb3 Qa5 17. Bf4 Rab8 18. Bxe5 dxe5 19. Rec1 a6 20. Rc6 e4
21. Rbc1 Rd8 22. R6c5 Nd7 23. Rc7 b4 24. Nb1 Be5 25. R7c6 Nf6 26. Nd2 Qxd5 27.
Nxe4 Nxe4 28. Qxd5 Rxd5 29. Bxe4 Ra5 30. R1c5 Rxc5 31. Rxc5 Bxb2 32. Rc6 a5 33.
Ra6 Rb5 34. Kf1 Rc5 35. Bd3 Kg7 36. Kg2 Be5 37. f4 Bc7 38. h4 f5 39. Kf3 Rc3
40. Kg2 Kf7 41. Kf2 Ke8 42. h5 Kf7 43. h6 Rc5 44. Kf3 e5 45. fxe5 Bxe5 46. Ra7+
Bc7 47. g4 Kf6 48. gxf5 gxf5 49. Ra6+ Kg5 50. Ke3 Rc3 51. Kd4 f4 52. Bxh7 Bd8
53. Rg6+ Kh5 54. Rd6 Bg5 55. Bd3 Bxh6 56. Rd5+ Kg4 57. Rxa5 Bg7+ 58. Ke4 Rc7
59. Ra6 Re7+ 60. Kd5 Re5+ 61. Kc4 Bf8 62. Kd4 Rg5 63. Be4 Bc5+ 64. Kc4 Bf8 65.
Ra8 Be7 66. Re8 Rc5+ 67. Kd4 Rc7 68. Rg8+ Kh3 69. Bf3 Ra7 70. Bd5 Bh4 71. Be6+
Kh2 72. Rh8 Kg3 73. Rg8+ Kf2 74. Bc4 Bg3 75. Kc5 Rb7 76. Bb5 Ra7 77. Bc4 Rb7
78. Bd5 Rd7 79. Bc4 Rb7 80. Bb5 Ra7 81. Bc4 Rb7 82. Kc6 Re7 83. Kb5 Rb7+ 84.
Ka4 Bh4 85. Rg4 Bg3 86. Rg6 Ke3 87. Bb5 Be1 88. Re6+ Kd4 89. Bd3 Ra7+ 90. Kb3
Ra3+ 91. Kb2 Bc3+ 92. Kb1 Ra7 93. Re4+ Kc5 94. Rxf4 Rg7 95. Kc2 Ra7 96. Bc4 Rd7
97. Bd3 Ra7 98. Kb1 Rg7 99. Rc4+ Kb6 100. a3 Rg1+ 101. Kc2 bxa3 102. Ra4 Bb2
103. Ra6+ Kb7 104. Ra4 Rc1+ 105. Kb3 Kb6 106. Rb4+ Kc5 107. Ra4 Kd5 108. Bc4+
Kd4 109. Bd3+ Ke3 110. Re4+ Kd2 111. Ra4 Rc7 112. Ka2 1/2-1/2

[Event "Gibtelecom ChallWk2 7th"]
[Site "Gibraltar"]
[Date "2009.02.05"]
[Round "5.6"]
[White "Navarro Perez, Manuel"]
[Black "Haug, Marianne Wold"]
[Result "1-0"]
[WhiteElo "2097"]
[BlackElo "1935"]
[PlyCount "163"]
[EventDate "2009.02.01"]
[EventType "swiss"]
[EventRounds "5"]
[EventCountry "GGB"]
[SourceTitle "BritBase"]
[Source "www.saund.co.uk"]
[SourceDate "2018.02.10"]
[SourceVersion "1"]
[SourceVersionDate "2018.02.10"]
[SourceQuality "1"]

1. e4 c5 2. Nc3 g6 3. f4 Bg7 4. Nf3 Nc6 5. Bc4 e6 6. f5 Nge7 7. fxe6 dxe6 8.
O-O O-O 9. a4 Nd4 10. d3 Nec6 11. Nxd4 cxd4 12. Nb1 Bd7 13. c3 Rc8 14. cxd4
Bxd4+ 15. Kh1 Ne5 16. Nd2 Nxc4 17. Nxc4 b5 18. Nd6 Rb8 19. Bh6 Bg7 20. Bxg7
Kxg7 21. axb5 Bxb5 22. e5 Bc6 23. Qd2 Qb6 24. Nc4 Qd4 25. Rf4 Qc5 26. Ra5 Qe7
27. Rf6 Rb5 28. Rxb5 Bxb5 29. Nd6 a6 30. h4 h5 31. Qg5 Kh7 32. Nxf7 Qxf7 33.
Rxf7+ Rxf7 34. Qe3 Rd7 35. d4 Bc6 36. Kg1 Rb7 37. Qc3 Bd5 38. b4 Kh6 39. Kf2
Rb6 40. Kg3 Rc6 41. Qd2+ Kg7 42. Qf2 Rc3+ 43. Kf4 Rc7 44. Ke3 Rf7 45. Qc2 Rb7
46. Qb2 Kh6 47. Kf4 Rf7+ 48. Kg3 Rc7 49. Qa3 Rc2 50. Qxa6 Rxg2+ 51. Kh3 Rg4 52.
Qc8 Kg7 53. Qd7+ Kh6 54. Qe8 Kg7 55. b5 Rxd4 56. Qe7+ Kh6 57. Qf8+ Kh7 58. Qf7+
Kh6 59. b6 Rd3+ 60. Kh2 Rd2+ 61. Kg1 Rd1+ 62. Kf2 Rb1 63. Qf8+ Kh7 64. Qd6 Rb2+
65. Ke3 Rb3+ 66. Kd4 Kg7 67. Qc7+ Kh6 68. Qd8 Kg7 69. Kc5 Rc3+ 70. Kd6 Rc6+ 71.
Ke7 Rc4 72. Qf8+ Kh7 73. Qf7+ Kh6 74. Qg8 Rxh4 75. Qh8+ Kg5 76. Qf6+ Kg4 77.
Qxg6+ Kf4 78. Qf6+ Kg4 79. Kd6 Rh1 80. Qg6+ Kf4 81. Qf7+ Ke4 82. b7 1-0

[Event "Gibtelecom ChallWk2 7th"]
[Site "Gibraltar"]
[Date "2009.02.05"]
[Round "5.7"]
[White "Obiamiwe, Paul"]
[Black "Wheldon, Philip"]
[Result "0-1"]
[WhiteElo "2035"]
[BlackElo "2094"]
[PlyCount "52"]
[EventDate "2009.02.01"]
[EventType "swiss"]
[EventRounds "5"]
[EventCountry "GGB"]
[SourceTitle "BritBase"]
[Source "www.saund.co.uk"]
[SourceDate "2018.02.10"]
[SourceVersion "1"]
[SourceVersionDate "2018.02.10"]
[SourceQuality "1"]

1. Nf3 d5 2. d4 Nf6 3. c4 dxc4 4. a4 Nc6 5. e3 e5 6. h3 exd4 7. exd4 Bb4+ 8.
Nc3 Qe7+ 9. Be3 Nd5 10. Qd2 Na5 11. Qc2 g6 12. Nd2 Nxe3 13. fxe3 Qxe3+ 14. Be2
Bf5 15. Qd1 O-O-O 16. Nf3 Nb3 17. Kf1 Nxa1 18. Qxa1 Bd3 19. Qd1 Rhe8 20. Bxd3
cxd3 21. g3 f6 22. Rh2 Bxc3 23. bxc3 Rd5 24. Rd2 Rf5 25. Rxd3 Rxf3+ 26. Qxf3
Qe1+ 0-1

[Event "Gibtelecom ChallWk2 7th"]
[Site "Gibraltar"]
[Date "2009.02.05"]
[Round "5.8"]
[White "Brown, Thomas"]
[Black "Toll, Alec J"]
[Result "1-0"]
[WhiteElo "2027"]
[BlackElo "2091"]
[PlyCount "61"]
[EventDate "2009.02.01"]
[EventType "swiss"]
[EventRounds "5"]
[EventCountry "GGB"]
[SourceTitle "BritBase"]
[Source "www.saund.co.uk"]
[SourceDate "2018.02.10"]
[SourceVersion "1"]
[SourceVersionDate "2018.02.10"]
[SourceQuality "1"]

1. Nf3 e6 2. c4 f5 3. g3 Nf6 4. Bg2 Be7 5. b3 O-O 6. Nc3 d5 7. d3 c6 8. a3 d4
9. Na4 c5 10. O-O Nc6 11. e3 e5 12. exd4 exd4 13. Re1 Bd6 14. b4 f4 15. Nxc5
fxg3 16. hxg3 Bxc5 17. bxc5 Bg4 18. Qb3 Nd7 19. Qxb7 Qf6 20. Bg5 Qg6 21. Nh4
Qxg5 22. Qxc6 Rae8 23. Qd5+ Qxd5 24. Bxd5+ Kh8 25. f3 g5 26. Rxe8 Rxe8 27. fxg4
gxh4 28. Bc6 Re3 29. Bxd7 Rxg3+ 30. Kf2 Rxd3 31. c6 1-0

[Event "Gibtelecom ChallWk2 7th"]
[Site "Gibraltar"]
[Date "2009.02.05"]
[Round "5.9"]
[White "Gandrud, Vegar Koi"]
[Black "Bryn, Askild"]
[Result "0-1"]
[WhiteElo "2046"]
[BlackElo "2006"]
[PlyCount "60"]
[EventDate "2009.02.01"]
[EventType "swiss"]
[EventRounds "5"]
[EventCountry "GGB"]
[SourceTitle "BritBase"]
[Source "www.saund.co.uk"]
[SourceDate "2018.02.10"]
[SourceVersion "1"]
[SourceVersionDate "2018.02.10"]
[SourceQuality "1"]

1. d4 d6 2. c4 g6 3. g3 Bg7 4. Bg2 Nd7 5. b3 e5 6. Bb2 f5 7. e3 Ngf6 8. Nf3 O-O
9. dxe5 Ne4 10. O-O Nxe5 11. Nxe5 dxe5 12. Qc2 c6 13. Rd1 Qf6 14. Nd2 Ng5 15.
f4 Nf7 16. Nf3 Qe7 17. Rd2 g5 18. Qc3 Re8 19. Rad1 Bh8 20. Nxe5 Nxe5 21. fxe5
Qc7 22. Rd6 Bxe5 23. Qxe5 Rxe5 24. Bxe5 Qe7 25. Rd8+ Kf7 26. Ba1 Qxe3+ 27. Kh1
Qe2 28. Rf1 f4 29. gxf4 Bh3 30. fxg5+ Qxf1+ 0-1

[Event "Gibtelecom ChallWk2 7th"]
[Site "Gibraltar"]
[Date "2009.02.05"]
[Round "5.10"]
[White "Nisbet, Alex Ian"]
[Black "Machin Arbelo, Pedro Alexi"]
[Result "0-1"]
[WhiteElo "1975"]
[BlackElo "2134"]
[PlyCount "126"]
[EventDate "2009.02.01"]
[EventType "swiss"]
[EventRounds "5"]
[EventCountry "GGB"]
[SourceTitle "BritBase"]
[Source "www.saund.co.uk"]
[SourceDate "2018.02.10"]
[SourceVersion "1"]
[SourceVersionDate "2018.02.10"]
[SourceQuality "1"]

1. d4 e6 2. Bf4 d5 3. Nf3 c5 4. c3 Nc6 5. e3 Nf6 6. Nbd2 Bd6 7. Bg5 Qb6 8. Qc2
Bd7 9. dxc5 Bxc5 10. Nb3 Be7 11. Bd3 e5 12. Bf5 Rd8 13. O-O e4 14. Bxd7+ Rxd7
15. Nfd4 Ne5 16. Nf5 h6 17. Bf4 Nd3 18. Nxg7+ Kf8 19. Nf5 Nh5 20. Bb8 Rg8 21.
f3 Ng7 22. Nfd4 Bd6 23. Bxd6+ Rxd6 24. fxe4 dxe4 25. Rad1 Rg6 26. Rd2 Ne6 27.
Nxe6+ Qxe6 28. Nc1 Qh3 29. Re2 Nxc1 30. Rxc1 Rxg2+ 31. Rxg2 Rxg2+ 32. Qxg2
Qxe3+ 33. Qf2 Qxc1+ 34. Kg2 Qg5+ 35. Kf1 e3 36. Qg3 Qb5+ 37. Ke1 Qd3 38. Qb8+
Kg7 39. Qg3+ Kh7 40. Qf3 Qb1+ 41. Ke2 Qxb2+ 42. Kd3 Qd2+ 43. Ke4 Qf2 44. Qxe3
Qxa2 45. Kd3 Qd5+ 46. Kc2 a5 47. h4 a4 48. Qe7 Qb3+ 49. Kd3 Qd5+ 50. Kc2 b5 51.
Kc1 Qc4 52. Kd2 Qa2+ 53. Kc1 Qe6 54. Qc5 Qe1+ 55. Kc2 Qxh4 56. Qxb5 Qf2+ 57.
Kc1 a3 58. Qd3+ Kg7 59. c4 a2 60. Qc3+ Kg8 61. c5 Qf1+ 62. Kc2 a1=Q 63. Qg3+
Kh7 0-1

[Event "Gibtelecom ChallWk2 7th"]
[Site "Gibraltar"]
[Date "2009.02.05"]
[Round "5.11"]
[White "Kandic, Milan"]
[Black "Guerrero Beret, Jesus"]
[Result "1-0"]
[WhiteElo "2208"]
[BlackElo "1964"]
[PlyCount "95"]
[EventDate "2009.02.01"]
[EventType "swiss"]
[EventRounds "5"]
[EventCountry "GGB"]
[SourceTitle "BritBase"]
[Source "www.saund.co.uk"]
[SourceDate "2018.02.10"]
[SourceVersion "1"]
[SourceVersionDate "2018.02.10"]
[SourceQuality "1"]

1. e4 Nf6 2. e5 Nd5 3. d4 d6 4. Nf3 Bg4 5. Be2 dxe5 6. dxe5 Nc6 7. O-O e6 8.
Re1 Bc5 9. Bg5 Qd7 10. Nc3 Nb6 11. Qc1 O-O 12. Rd1 Qe8 13. Ne4 Be7 14. Nf6+
gxf6 15. Bxf6 Bxf6 16. exf6 Kh8 17. Qh6 Rg8 18. Bd3 Bf5 19. Bxf5 exf5 20. Ng5
Rxg5 21. Qxg5 Qg8 22. Qxf5 Qg6 23. Qf4 Rg8 24. g3 Qg5 25. Qxg5 Rxg5 26. Re1 h6
27. b3 Rf5 28. c4 Rxf6 29. Rad1 Rd6 30. c5 Rxd1 31. Rxd1 Nc8 32. Rd7 N8e7 33.
b4 a6 34. a4 Nf5 35. b5 axb5 36. axb5 Na5 37. Rxc7 Nd4 38. c6 bxc6 39. b6 Kg7
40. b7 Nxb7 41. Rxb7 c5 42. Rc7 Ne6 43. Rc8 f5 44. Kf1 Kf6 45. f4 Ke7 46. Rh8
Kd6 47. Rxh6 Kd5 48. Rxe6 1-0

[Event "Gibtelecom ChallWk2 7th"]
[Site "Gibraltar"]
[Date "2009.02.05"]
[Round "5.12"]
[White "Pettersen, Joar Gullestad"]
[Black "Almond, Richard J"]
[Result "1/2-1/2"]
[WhiteElo "2016"]
[BlackElo "2126"]
[PlyCount "57"]
[EventDate "2009.02.01"]
[EventType "swiss"]
[EventRounds "5"]
[EventCountry "GGB"]
[SourceTitle "BritBase"]
[Source "www.saund.co.uk"]
[SourceDate "2018.02.10"]
[SourceVersion "1"]
[SourceVersionDate "2018.02.10"]
[SourceQuality "1"]

1. e4 d5 2. exd5 Qxd5 3. Nc3 Qa5 4. d4 c6 5. Nf3 Nf6 6. Bc4 Bf5 7. Bd2 e6 8.
Bb3 Qc7 9. Qe2 Nbd7 10. h3 Bd6 11. Nh4 Bg6 12. Nxg6 hxg6 13. Qf3 O-O 14. Ne4
Nxe4 15. Qxe4 c5 16. c3 Nf6 17. Qh4 Qc6 18. O-O Rac8 19. Rfe1 Qb6 20. dxc5 Bxc5
21. Be3 Bxe3 22. Rxe3 Rfd8 23. Qg3 Rd2 24. Rae1 Rd6 25. Rd3 Rcd8 26. Red1 Ne4
27. Rxd6 Rxd6 28. Rxd6 Nxd6 29. Qd3 1/2-1/2

[Event "Gibtelecom ChallWk2 7th"]
[Site "Gibraltar"]
[Date "2009.02.05"]
[Round "5.13"]
[White "Dimitrijevic, Dragan"]
[Black "Pendlebury, Ian G"]
[Result "0-1"]
[WhiteElo "2069"]
[BlackElo "2016"]
[PlyCount "47"]
[EventDate "2009.02.01"]
[EventType "swiss"]
[EventRounds "5"]
[EventCountry "GGB"]
[SourceTitle "BritBase"]
[Source "www.saund.co.uk"]
[SourceDate "2018.02.10"]
[SourceVersion "1"]
[SourceVersionDate "2018.02.10"]
[SourceQuality "1"]

1. d4 d5 2. c4 e6 3. Nf3 Nf6 4. Bf4 dxc4 5. Qa4+ Nbd7 6. Qxc4 Bd6 7. Bxd6 cxd6
8. Nbd2 d5 9. Qc3 O-O 10. e3 a6 11. Be2 b5 12. O-O Bb7 13. Rfc1 Rc8 14. Qb4 Nb6
15. b3 Nfd7 16. a4 bxa4 17. bxa4 Rb8 18. Rab1 a5 19. Qa3 Rc8 20. Bb5 Rxc1+ 21.
Rxc1 Qa8 22. Rc7 Nf6 23. Qe7 Bc8 24. Ne5 0-1

[Event "Gibtelecom ChallWk2 7th"]
[Site "Gibraltar"]
[Date "2009.02.05"]
[Round "5.14"]
[White "Hamer, Martyn"]
[Black "Whitfield, Craig M"]
[Result "1/2-1/2"]
[WhiteElo "2022"]
[BlackElo "1942"]
[PlyCount "50"]
[EventDate "2009.02.01"]
[EventType "swiss"]
[EventRounds "5"]
[EventCountry "GGB"]
[SourceTitle "BritBase"]
[Source "www.saund.co.uk"]
[SourceDate "2018.02.10"]
[SourceVersion "1"]
[SourceVersionDate "2018.02.10"]
[SourceQuality "1"]

1. f4 d5 2. b3 Nf6 3. e3 Bf5 4. Nf3 e6 5. Bb2 Bd6 6. Be2 Nbd7 7. O-O c6 8. c4
Nc5 9. Ne5 Qc7 10. d4 Ncd7 11. Nc3 Bxe5 12. fxe5 Ne4 13. Rc1 Nb6 14. Bf3 O-O
15. cxd5 Nxc3 16. Bxc3 exd5 17. Bh5 Qd7 18. Bb4 Rfe8 19. Qf3 Bg6 20. Bxg6 hxg6
21. Rf2 Re6 22. Qg3 Qe8 23. Rcf1 a5 24. Bd6 Nc8 25. Ba3 Ne7 1/2-1/2